Reproductive Rights Of Women In India (Record no. 26457)

MARC details
000 -LEADER
fixed length control field 00305nam a22001457a 4500
003 - CONTROL NUMBER IDENTIFIER
control field SGT
082 ## - DEWEY DECIMAL CLASSIFICATION NUMBER
Classification number 340
Item number R21R
100 ## - MAIN ENTRY--PERSONAL NAME
Personal name RAI, AKANSHA
245 ## - TITLE STATEMENT
Title Reproductive Rights Of Women In India
260 ## - PUBLICATION, DISTRIBUTION, ETC. (IMPRINT)
Place of publication, distribution, etc GURUGRAM
Name of publisher, distributor, etc SGT UNIVERSITY
300 ## - PAGE DESCRIPTION
No. of Pages 135
650 ## - SUBJECT ADDED ENTRY--TOPICAL TERM
Topical term or geographic name as entry element LAW
653 ## - KEYWORDS--INDEX TERM
Keyword term PHD
942 ## - ADDED ENTRY ELEMENTS (KOHA)
Source of classification or shelving scheme Dewey Decimal Classification
Koha item type Thesis/Dissertation
Holdings
Withdrawn status Lost status Source of classification or shelving scheme Damaged status Not for loan Collection code Home library Current library Shelving location Date acquired Total Checkouts Full call number Accession No. (Barcode) Date last seen Bill Date Koha item type Use restrictions
    Dewey Decimal Classification   Not For Loan MEDICAL SGT Medical Library SGT Medical Library Reference Book 17/06/2024   340 R21R DT1602 17/06/2024 17/06/2024 Thesis/Dissertation  
    Dewey Decimal Classification   Not For Loan MEDICAL SGT Medical Library SGT Medical Library Reference Book 17/06/2024   340 R21R DT1603 17/06/2024 17/06/2024 Thesis/Dissertation  
    Dewey Decimal Classification   Not For Loan MEDICAL SGT Medical Library SGT Medical Library Reference Book 17/06/2024   340 R21R DT1604 17/06/2024 17/06/2024 Thesis/Dissertation  
    Dewey Decimal Classification   Not For Loan MEDICAL SGT Medical Library SGT Medical Library Reference Book 27/06/2024   340 R21R DT1998 27/06/2024 27/06/2024 Thesis/Dissertation Restricted Access
    Dewey Decimal Classification   Not For Loan MEDICAL SGT Medical Library SGT Medical Library Reference Book 27/06/2024   340 R21R DT1999 27/06/2024 27/06/2024 Thesis/Dissertation Restricted Access
    Dewey Decimal Classification   Not For Loan MEDICAL SGT Medical Library SGT Medical Library Reference Book 27/06/2024   340 R21R DT2000 27/06/2024 27/06/2024 Thesis/Dissertation Restricted Access